[Event "Central America-ch 24th"]
[Site "San Salvador"]
[Date "2023.01.21"]
[Round "1"]
[White "Kalidjo, Imaan"]
[Black "Ortiz, Marcos"]
[Result "0-1"]
[WhiteElo "1716"]
[BlackElo "2221"]
[PlyCount "140"]
[EventDate "2023.01.21"]
[EventType "swiss"]
[EventRounds "11"]
[EventCountry "ESA"]
[SourceTitle "CBM 212 Extra"]
[Source "ChessBase"]
[SourceDate "2023.03.31"]
[SourceVersion "1"]
[SourceVersionDate "2023.03.31"]
[SourceQuality "1"]

1. d4 Nf6 2. e3 g6 3. Bd3 Bg7 4. Nd2 0-0 5. f4 d6 6. Ngf3 c5 7. c3 Nc6 8. 0-0 Qc7 9. Qe2 a5 10. a3 e5 11. fxe5 dxe5 12. dxc5 Nd7 13. Bc4 Nxc5 14. Ng5 Nd8 15. Nde4 Nxe4 16. Nxe4 Be6 17. Bxe6 Nxe6 18. Nf6+ Bxf6 19. Rxf6 Kg7 20. Rf1 f5 21. Bd2 Rad8 22. c4 Nc5 23. Bc3 Ne4 24. Rac1 Rd7 25. g4 Qc5 26. Kh1 Nxc3 27. Rxc3 Qc6+ 28. Kg1 Rdf7 29. gxf5 gxf5 30. Qg2+ Qg6 31. Qxg6+ hxg6 32. Kg2 Rd8 33. Rf2 a4 34. c5 Rc7 35. Rfc2 Rdc8 36. Kf3 Kf6 37. h4 Rc6 38. Rc1 Ke7 39. R1c2 Ke6 40. Rc1 Kf6 41. R1c2 g5 42. hxg5+ Kxg5 43. Rg2+ Kf6 44. Rgc2 Ke6 45. Rc1 Ra8 46. Rh1 Ra5 47. Rhc1 Rb5 48. R1c2 Kf6 49. e4 f4 50. Kg4 Ra5 51. Rc4 Ra8 52. Rh2 Rg8+ 53. Kf3 Rg3+ 54. Kf2 Rb3 55. Kf1 Kg5 56. Rg2+ Kh4 57. Rgc2 Rb5 58. Kf2 Kg4 59. Rb4 Rbxc5 60. Rxc5 Rxc5 61. Rxb7 Rc2+ 62. Ke1 f3 63. Kd1 Rc4 64. Rg7+ Kf4 65. Kd2 Rd4+ 66. Ke1 Rxe4+ 67. Kf1 Re2 68. Ra7 e4 69. Rxa4 Rxb2 70. Ra8 Ra2 0-1

[Event "Central America-ch 24th"]
[Site "San Salvador"]
[Date "2023.01.21"]
[Round "7"]
[White "Lee, Hayden"]
[Black "Kalidjo, Imaan"]
[Result "0-1"]
[WhiteElo "1966"]
[BlackElo "1716"]
[PlyCount "118"]
[EventDate "2023.01.21"]
[EventType "swiss"]
[EventRounds "11"]
[EventCountry "ESA"]
[SourceTitle "CBM 212 Extra"]
[Source "ChessBase"]
[SourceDate "2023.03.31"]
[SourceVersion "1"]
[SourceVersionDate "2023.03.31"]
[SourceQuality "1"]

1. d4 d6 2. Nf3 g6 3. Nc3 Bg7 4. e4 Nd7 5. Be3 c6 6. Qd2 h5 7. Bc4 Nb6 8. Bb3 a5 9. a4 d5 10. exd5 cxd5 11. 0-0 Nf6 12. Rad1 Bg4 13. Qe2 0-0 14. h3 Bxf3 15. Qxf3 Rc8 16. Rfe1 Qd7 17. Bf4 e6 18. Be5 Ne8 19. Bxg7 Kxg7 20. Nb5 Nd6 21. Nxd6 Qxd6 22. c3 Qd7 23. Ra1 Nc4 24. Qe2 Nd6 25. Qe5+ Kh7 26. Bc2 Kg8 27. Qg3 Kg7 28. Re5 f5 29. Rae1 Rf6 30. b3 Nf7 31. R5e3 f4 32. Qh2 fxe3 33. Rxe3 Rc6 34. g4 hxg4 35. hxg4 Qc7 36. Qh3 Qf4 37. Qg2 Ng5 38. Bd1 Ne4 39. Rf3 Qd2 40. Qf1 Rxf3 41. Bxf3 Rxc3 42. Kg2 Qf4 43. Qe2 Qxf3+ 44. Qxf3 Rxf3 45. Kxf3 Nd2+ 46. Kf4 Nxb3 47. Ke5 Kf7 48. f4 Ke7 49. g5 Nxd4 50. Kxd4 Kd6 51. Kd3 Kc5 52. Kc3 d4+ 53. Kd3 Kd5 54. Kd2 Ke4 55. Ke2 Kxf4 56. Kd3 e5 57. Kc4 Ke3 58. Kb5 d3 59. Kxa5 d2 0-1

[Event "Olympiad-44"]
[Site "Chennai"]
[Date "2022.07.29"]
[Round "1.4"]
[White "Kalidjo, Imaan"]
[Black "Brunello, Sabino"]
[Result "0-1"]
[WhiteElo "1819"]
[BlackElo "2520"]
[PlyCount "91"]
[EventDate "2022.07.29"]
[EventType "team-swiss"]
[EventRounds "11"]
[EventCountry "IND"]
[SourceTitle "CBM 210"]
[Source "ChessBase"]
[SourceDate "2022.10.31"]
[SourceVersion "1"]
[SourceVersionDate "2022.10.31"]
[SourceQuality "1"]
[WhiteTeam "Surinam"]
[BlackTeam "Italy"]
[WhiteTeamCountry "SUR"]
[BlackTeamCountry "ITA"]

1. d4 Nf6 2. c4 e6 3. Nf3 b6 4. g3 Ba6 5. b3 Bb7 6. Bg2 Bb4+ 7. Bd2 a5 8. 0-0 0-0 9. a3 Be7 10. Nc3 Ne4 11. Nxe4 Bxe4 12. Ne5 Bxg2 13. Kxg2 d6 14. Nf3 Nd7 15. Bc3 f5 16. Qd3 Qe8 17. e4 Qh5 18. Rae1 f4 19. h3 Qg6 20. Kh2 fxg3+ 21. fxg3 d5 22. cxd5 exd5 23. a4 dxe4 24. Qxe4 Qxe4 25. Rxe4 Bd6 26. Kg2 Nf6 27. Re6 Nh5 28. Be1 Rfe8 29. d5 Nf6 30. Nd4 Nxd5 31. Rxe8+ Rxe8 32. Bf2 Bc5 33. Nf5 Re2 34. Kg1 Rxf2 35. Rxf2 g6 36. Nh4 Nc3 37. Kf1 Bxf2 38. Kxf2 Ne4+ 39. Ke3 Nc5 40. Kd4 Nxb3+ 41. Kc4 Nc5 42. Kb5 Ne4 43. Kc6 Nc3 44. Kxc7 b5 45. axb5 Nxb5+ 46. Kb6 0-1

[Event "Online Olym Div3 D"]
[Site "Chess.com INT"]
[Date "2021.08.27"]
[Round "1.2"]
[White "Kalidjo, Imaan"]
[Black "Yearwood, Sean"]
[Result "1/2-1/2"]
[WhiteElo "1819"]
[BlackElo "1728"]
[PlyCount "67"]
[EventDate "2021.08.27"]
[EventType "team-tourn (rapid)"]
[EventRounds "9"]
[EventCountry "USA"]
[SourceTitle "CBM 204 Extra"]
[Source "ChessBase"]
[SourceDate "2021.11.30"]
[SourceVersion "1"]
[SourceVersionDate "2021.11.30"]
[SourceQuality "1"]
[WhiteTeam "Surinam"]
[BlackTeam "Trinidad and Tobago"]
[WhiteTeamCountry "SUR"]
[BlackTeamCountry "TRI"]

1. d4 d6 2. g3 Nf6 3. Bg2 g6 4. e4 Bg7 5. Ne2 0-0 6. 0-0 e5 7. c3 Nc6 8. Na3 Bg4 9. Be3 Re8 10. h3 Bd7 11. d5 Ne7 12. Nc2 Qc8 13. Kh2 Nh5 14. g4 Nf6 15. Ng3 Rf8 16. Qd2 Kh8 17. Bg5 Nfg8 18. Bxe7 Nxe7 19. Ne3 f5 20. exf5 gxf5 21. gxf5 Nxf5 22. Nexf5 Bxf5 23. Rae1 Qd7 24. Qe3 a5 25. Nxf5 Qxf5 26. Be4 Qf4+ 27. Qxf4 Rxf4 28. f3 Raf8 29. Rg1 R4f7 30. Rg4 Bh6 31. Kg2 Rg7 32. Kf2 Bf4 33. Reg1 Rfg8 34. Ke2 1/2-1/2

[Event "Online Olym Div4 D"]
[Site "Chess.com INT"]
[Date "2021.08.20"]
[Round "2.5"]
[White "Kalidjo, Imaan"]
[Black "Bongo Ngombele, Tary"]
[Result "1-0"]
[WhiteElo "1819"]
[BlackElo "1688"]
[PlyCount "181"]
[EventDate "2021.08.20"]
[EventType "team (rapid)"]
[EventRounds "11"]
[EventCountry "USA"]
[SourceTitle "CBM 203 Extra"]
[Source "ChessBase"]
[SourceDate "2021.09.30"]
[SourceVersion "1"]
[SourceVersionDate "2021.09.30"]
[SourceQuality "1"]
[WhiteTeam "Surinam"]
[BlackTeam "Gabun"]
[WhiteTeamCountry "SUR"]
[BlackTeamCountry "GAB"]

1. d4 d5 2. Nf3 Nf6 3. Bf4 e6 4. e3 h6 5. Bd3 Bd6 6. Bg3 0-0 7. c3 b6 8. Nbd2 Bb7 9. Qc2 c5 10. 0-0 c4 11. Be2 Bxg3 12. hxg3 Nbd7 13. Rad1 Qc7 14. a4 a6 15. Nh2 Rfc8 16. f4 b5 17. axb5 axb5 18. g4 Ne4 19. Bf3 f5 20. Ra1 Ndf6 21. Rfc1 Ra5 22. Qd1 Rca8 23. Bxe4 Nxe4 24. Nxe4 fxe4 25. Rxa5 Rxa5 26. Ra1 Qb6 27. Kf2 Qa6 28. Rxa5 Qxa5 29. Nf1 Qa2 30. Qe2 Qb3 31. Ng3 b4 32. Qd2 bxc3 33. Qxc3 Qxc3 34. bxc3 g6 35. Ne2 Kf7 36. Nc1 Kf6 37. Na2 g5 38. g3 Kg6 39. Kg2 Kf6 40. Kf2 Ke7 41. Nb4 Kd7 42. f5 exf5 43. gxf5 g4 44. Nc2 Ke7 45. Ke2 Kf6 46. Ne1 Kxf5 47. Ng2 Kg5 48. Kd2 h5 49. Kc2 Kf6 50. Kb2 Ke7 51. Ka3 Kd6 52. Nf4 h4 53. gxh4 g3 54. Kb4 Bc8 55. h5 Bg4 56. h6 Bf5 57. Kb5 Bd7+ 58. Kb6 Bf5 59. Kb7 Bh7 60. Kc8 Kc6 61. Kd8 Kd6 62. Ke8 Kc6 63. Ke7 Kb5 64. Kd6 Bg8 65. h7 Bxh7 66. Kxd5 Ka4 67. Kxc4 Bg8+ 68. Kc5 Kb3 69. d5 Bxd5 70. Kxd5 Kxc3 71. Kxe4 Kc4 72. Ng2 Kc5 73. Kf3 Kd5 74. Kxg3 Ke5 75. Kg4 Ke4 76. Kg3 Kf5 77. Kf3 Ke5 78. e4 Ke6 79. Kf4 Kf6 80. e5+ Ke6 81. Ne3 Kd7 82. Kf5 Ke7 83. Nd5+ Kf7 84. e6+ Kg7 85. Ke5 Kh6 86. Kf6 Kh5 87. e7 Kh4 88. e8Q Kg3 89. Qe3+ Kg4 90. Qf4+ Kh5 91. Qg5# 1-0

[Event "Online Olym Div3 E"]
[Site "Chess.com INT"]
[Date "2020.08.09"]
[Round "9.4"]
[White "Kalidjo, Imaan"]
[Black "Valverde Mora, Mauricio"]
[Result "1/2-1/2"]
[WhiteElo "1819"]
[BlackElo "1792"]
[PlyCount "90"]
[EventDate "2020.08.07"]
[EventType "team-tourn (rapid)"]
[EventRounds "9"]
[EventCountry "USA"]
[SourceTitle "CBM 198"]
[Source "ChessBase"]
[SourceDate "2020.10.31"]
[SourceVersion "1"]
[SourceVersionDate "2020.10.31"]
[SourceQuality "1"]
[WhiteTeam "Surinam"]
[BlackTeam "Costa Rica"]
[WhiteTeamCountry "SUR"]
[BlackTeamCountry "CRI"]

1. d4 Nf6 2. Bg5 d5 3. e3 Bf5 4. Nf3 e6 5. Nbd2 Be7 6. Be2 Nbd7 7. c3 h6 8. Bh4 0-0 9. 0-0 c5 10. a4 Qb6 11. Qc1 Bd6 12. Bg3 Bxg3 13. hxg3 Rac8 14. a5 Qc7 15. Qe1 c4 16. Nh2 h5 17. f4 b5 18. Qd1 g6 19. g4 hxg4 20. Bxg4 Nxg4 21. Nxg4 Kg7 22. Ne5 Nxe5 23. fxe5 Qe7 24. Qf3 Qg5 25. Qf4 Qxf4 26. exf4 b4 27. Rfc1 Rb8 28. Nf1 Rb5 29. Ne3 Be4 30. g4 Rfb8 31. f5 exf5 32. gxf5 gxf5 33. Rf1 bxc3 34. bxc3 Rb2 35. Nxf5+ Bxf5 36. Rxf5 Rc2 37. Raf1 Rb7 38. R5f3 Ra2 39. Rg3+ Kh6 40. Rgf3 Rbb2 41. Rf6+ Kg5 42. R6f5+ Kg6 43. Rf6+ Kg5 44. R6f5+ Kh6 45. Rf6+ Kg5 1/2-1/2

[Event "Online Olym Div4 D"]
[Site "Chess.com INT"]
[Date "2020.08.01"]
[Round "4.3"]
[White "Kalidjo, Imaan"]
[Black "Kueviakoe, Folly Cedric"]
[Result "1-0"]
[WhiteElo "1819"]
[BlackElo "1543"]
[PlyCount "155"]
[EventDate "2020.07.31"]
[EventType "team-tourn (rapid)"]
[EventRounds "9"]
[EventCountry "USA"]
[SourceTitle "CBM 198"]
[Source "ChessBase"]
[SourceDate "2020.10.31"]
[SourceVersion "1"]
[SourceVersionDate "2020.10.31"]
[SourceQuality "1"]
[WhiteTeam "Surinam"]
[BlackTeam "Togo"]
[WhiteTeamCountry "SUR"]
[BlackTeamCountry "TOG"]

1. c4 e6 2. Nc3 c6 3. g3 d5 4. cxd5 cxd5 5. d4 Nc6 6. Bg2 Nf6 7. Nf3 h6 8. 0-0 Bd6 9. a3 a6 10. Re1 0-0 11. Rb1 Nh7 12. e4 dxe4 13. Nxe4 Bc7 14. b4 Nf6 15. Nxf6+ Qxf6 16. Bb2 Qd8 17. Qc2 Bb6 18. Rbd1 Ne7 19. Ne5 Qc7 20. Qe2 f6 21. Nd3 Nc6 22. Nf4 Re8 23. d5 Ne5 24. Bxe5 fxe5 25. Qxe5 Qxe5 26. Rxe5 Bc7 27. d6 Rd8 28. Nxe6 Rxd6 29. Rde1 Rxe6 30. Rxe6 Bxe6 31. Rxe6 Rb8 32. Re7 Bb6 33. Rxb7 Rxb7 34. Bxb7 a5 35. bxa5 Bxa5 36. Kg2 Kf8 37. Kf3 Ke7 38. Ke4 Ke6 39. f4 Be1 40. g4 Bg3 41. a4 Bxh2 42. a5 Bg1 43. a6 g6 44. Bc8+ Kd6 45. f5 gxf5+ 46. gxf5 Ke7 47. Ke5 h5 48. f6+ Kf8 49. Kf5 h4 50. Kg5 Kf7 51. Bg4 Bf2 52. Bh5+ Ke6 53. Bg4+ Kf7 54. Bh3 Kf8 55. Kg6 Bd4 56. Be6 Bf2 57. Kg5 h3 58. Bxh3 Kf7 59. Bg2 Be3+ 60. Kf5 Kf8 61. Bd5 Bg1 62. Ke6 Ke8 63. Kd6 Kf8 64. Kc6 Bd4 65. Kb7 Ke8 66. a7 Bxa7 67. Kxa7 Kf8 68. Kb6 Ke8 69. Kc5 Kd8 70. Kd6 Ke8 71. f7+ Kf8 72. Kd7 Kg7 73. Ke7 Kh7 74. f8Q Kg6 75. Qf6+ Kh7 76. Be4+ Kg8 77. Qg6+ Kh8 78. Qh7# 1-0

[Event "Online Olym Div4 D"]
[Site "Chess.com INT"]
[Date "2020.08.01"]
[Round "5.4"]
[White "Seder, Mohamad"]
[Black "Kalidjo, Imaan"]
[Result "1/2-1/2"]
[WhiteElo "1722"]
[BlackElo "1819"]
[PlyCount "99"]
[EventDate "2020.07.31"]
[EventType "team-tourn (rapid)"]
[EventRounds "9"]
[EventCountry "USA"]
[SourceTitle "CBM 198"]
[Source "ChessBase"]
[SourceDate "2020.10.31"]
[SourceVersion "1"]
[SourceVersionDate "2020.10.31"]
[SourceQuality "1"]
[WhiteTeam "Palestine"]
[BlackTeam "Surinam"]
[WhiteTeamCountry "PLE"]
[BlackTeamCountry "SUR"]

1. e4 e5 2. Nf3 Nc6 3. Bb5 Nf6 4. d4 Nxd4 5. Nxd4 exd4 6. e5 Nd5 7. 0-0 c6 8. Qxd4 Qb6 9. Qxb6 axb6 10. Bc4 Nc7 11. Nc3 d5 12. exd6 Bxd6 13. Re1+ Be6 14. Bxe6 Nxe6 15. Be3 Bc7 16. Rad1 0-0 17. Rd7 Rfd8 18. Red1 Rxd7 19. Rxd7 Rd8 20. Rxd8+ Bxd8 21. f3 Kf8 22. Na4 b5 23. Nc5 Nxc5 24. Bxc5+ Ke8 25. Kf2 Kd7 26. Ke3 Ke6 27. b3 Bc7 28. h3 Bh2 29. Bd4 g6 30. c4 bxc4 31. bxc4 h5 32. g4 b5 33. cxb5 cxb5 34. f4 Kd5 35. Be5 hxg4 36. hxg4 Bg1+ 37. Kd3 Bc5 38. Bc3 Bd6 39. Bd2 Bc7 40. Be3 Bd6 41. Bc1 Bc7 42. f5 gxf5 43. gxf5 Ke5 44. Kc3 Kxf5 45. Kb4 Ke4 46. Kxb5 f5 47. Kc6 Ba5 48. Kb5 Bc7 49. a4 f4 50. Bxf4 1/2-1/2

[Event "Online Olym Div4 D"]
[Site "Chess.com INT"]
[Date "2020.07.31"]
[Round "2.4"]
[White "Kalidjo, Imaan"]
[Black "Rodriguez Rosich, Carlos"]
[Result "1-0"]
[WhiteElo "1819"]
[BlackElo "1574"]
[PlyCount "105"]
[EventDate "2020.07.31"]
[EventType "team-tourn (rapid)"]
[EventRounds "9"]
[EventCountry "USA"]
[SourceTitle "CBM 198"]
[Source "ChessBase"]
[SourceDate "2020.10.31"]
[SourceVersion "1"]
[SourceVersionDate "2020.10.31"]
[SourceQuality "1"]
[WhiteTeam "Surinam"]
[BlackTeam "Puerto Rico"]
[WhiteTeamCountry "SUR"]
[BlackTeamCountry "PUR"]

1. d4 Nf6 2. Bf4 c5 3. e3 Qb6 4. b3 g6 5. c3 d6 6. Bd3 Bg7 7. Qc2 Nc6 8. Nf3 Bd7 9. 0-0 Rc8 10. Qd2 cxd4 11. exd4 0-0 12. Na3 Rfe8 13. Rfe1 Nd5 14. Nc4 Qc7 15. Bh6 Bh8 16. Rac1 e5 17. dxe5 dxe5 18. Bxg6 fxg6 19. Qxd5+ Be6 20. Qe4 Ne7 21. Ncxe5 Bf5 22. Qc4+ Nd5 23. Qxd5+ Be6 24. Qe4 Rcd8 25. c4 b6 26. Qe3 Bf5 27. Bg5 Rd6 28. Bf4 Rde6 29. Rcd1 Bxe5 30. Bxe5 Qe7 31. Qd4 Kf7 32. Qd5 Kf8 33. Re3 Bg4 34. Rde1 Qb4 35. Bg7+ Kxg7 36. Rxe6 Bxf3 37. Rxe8 Bxd5 38. cxd5 Qd6 39. R8e7+ Kh6 40. R7e5 a5 41. g3 Qa3 42. R1e2 Qc5 43. Kg2 Kg7 44. h4 Kf6 45. g4 Qd4 46. g5+ Kf7 47. Kg3 Qc5 48. R2e3 Qd6 49. f4 Qa3 50. Kf3 Qxa2 51. Re7+ Kg8 52. Re8+ Kf7 53. R3e7# 1-0

[Event "South America School 24th"]
[Site "Arequipa"]
[Date "2018.12.06"]
[Round "7.1"]
[White "Montiel, Angel Nathanael"]
[Black "Kalidjo, Imaan"]
[Result "0-1"]
[WhiteElo "1648"]
[BlackElo "1773"]
[PlyCount "39"]
[EventDate "2018.12.03"]
[EventType "team-swiss"]
[EventRounds "9"]
[EventCountry "PER"]
[SourceTitle "EXT 2024"]
[Source "ChessBase"]
[SourceDate "2023.10.10"]
[SourceVersion "1"]
[SourceVersionDate "2023.10.10"]
[SourceQuality "1"]
[WhiteTeam "Paraguay U14"]
[BlackTeam "Surinam U14"]
[WhiteTeamCountry "PAR"]
[BlackTeamCountry "SUR"]

1. e4 c5 2. Nf3 d6 3. d4 cxd4 4. Nxd4 Nf6 5. Nc3 e5 6. Ndb5 a6 7. Na3 b5 8. Nd5 Nxe4 9. Qf3 Nc5 10. b4 e4 11. Qe2 Bb7 12. Bg5 Qxg5 13. Nc7+ Kd8 14. Nxa8 Qe5 15. Rd1 Na4 16. Qe3 Bxa8 17. Qa7 d5 18. Rd4 Bc6 19. Be2 Bd6 20. g3 0-1

[Event "South America School 24th"]
[Site "Arequipa"]
[Date "2018.12.05"]
[Round "5.1"]
[White "Rodriguez Valencia, Sebastian"]
[Black "Kalidjo, Imaan"]
[Result "0-1"]
[WhiteElo "1666"]
[BlackElo "1773"]
[PlyCount "158"]
[EventDate "2018.12.03"]
[EventType "team-swiss"]
[EventRounds "9"]
[EventCountry "PER"]
[SourceTitle "EXT 2024"]
[Source "ChessBase"]
[SourceDate "2023.10.10"]
[SourceVersion "1"]
[SourceVersionDate "2023.10.10"]
[SourceQuality "1"]
[WhiteTeam "Colombia U14"]
[BlackTeam "Surinam U14"]
[WhiteTeamCountry "COL"]
[BlackTeamCountry "SUR"]

1. d4 Nf6 2. c4 e6 3. Nc3 d5 4. Bg5 Be7 5. Nf3 0-0 6. e3 b6 7. Bd3 Bb7 8. 0-0 Nbd7 9. Rc1 c5 10. cxd5 exd5 11. Qc2 h6 12. Bh4 a6 13. Rfd1 Rc8 14. Ne5 cxd4 15. exd4 Nxe5 16. dxe5 Nh5 17. Bxe7 Qxe7 18. Bf5 Rcd8 19. Qe2 Nf4 20. Qg4 Qxe5 21. Re1 Qd6 22. g3 Ng6 23. Qd4 Ne7 24. Bb1 Nc6 25. Qxb6 Rd7 26. Na4 Ne5 27. Qxd6 Nf3+ 28. Kf1 Rxd6 29. Re7 Bc6 30. Nc5 Bb5+ 31. Kg2 Nd4 32. Bd3 Bxd3 33. Nxd3 Nf5 34. Re5 g6 35. Rc5 Rfd8 36. a4 Ng7 37. b4 Ne6 38. Rc1 Nd4 39. Nc5 Rb8 40. Rb1 Nc2 41. Nd3 Kf8 42. Rb2 Nd4 43. h4 f6 44. Re1 Kf7 45. Nc5 Ne6 46. Nxe6 Rxe6 47. Rd1 Re4 48. Rdb1 Ke6 49. a5 Rb5 50. f3 Rc4 51. Kf2 d4 52. Ke2 Kd5 53. Rb3 Rc2+ 54. Kd1 Rg2 55. g4 Rh2 56. Ke1 Rxh4 57. Kf2 h5 58. Kg3 g5 59. gxh5 Rxh5 60. Rc1 Rh7 61. Rc8 Rhb7 62. Ra8 Rxb4 63. Rd3 Kc4 64. Rd1 Kb5 65. Rd8 Kxa5 66. R1xd4 Rxd4 67. Rxd4 Rb5 68. Rd6 Rf5 69. Rd4 Kb5 70. Kf2 a5 71. Ke3 a4 72. Kd3 Rxf3+ 73. Kc2 a3 74. Rd8 Kc5 75. Rc8+ Kd5 76. Kb1 g4 77. Rg8 g3 78. Ka2 Ke4 79. Rg4+ Ke3 0-1

[Event "South America School 24th"]
[Site "Arequipa"]
[Date "2018.12.03"]
[Round "2.1"]
[White "Labussiere, Yago"]
[Black "Kalidjo, Imaan"]
[Result "1/2-1/2"]
[WhiteElo "1982"]
[BlackElo "1773"]
[PlyCount "99"]
[EventDate "2018.12.03"]
[EventType "team-swiss"]
[EventRounds "9"]
[EventCountry "PER"]
[SourceTitle "EXT 2024"]
[Source "ChessBase"]
[SourceDate "2023.10.10"]
[SourceVersion "1"]
[SourceVersionDate "2023.10.10"]
[SourceQuality "1"]
[WhiteTeam "Brasil U14"]
[BlackTeam "Surinam U14"]
[WhiteTeamCountry "BRA"]
[BlackTeamCountry "SUR"]

1. Nf3 Nf6 2. c4 e6 3. g3 Be7 4. Bg2 d5 5. b3 Nbd7 6. Bb2 b6 7. 0-0 Bb7 8. e3 0-0 9. Qe2 c5 10. Rd1 Qc7 11. Nc3 a6 12. Rac1 Ne4 13. cxd5 exd5 14. d4 Nxc3 15. Bxc3 Rfd8 16. dxc5 bxc5 17. Qb2 Bf6 18. Bxf6 Nxf6 19. Ne1 Qb6 20. Nd3 Rac8 21. Qc2 c4 22. Nf4 cxb3 23. Qxb3 Qxb3 24. axb3 Rxc1 25. Rxc1 g5 26. Ne2 Rc8 27. Rxc8+ Bxc8 28. Kf1 Kf8 29. Nc3 Bb7 30. Ke2 Ke7 31. Kd3 Kd6 32. Kd4 Ng4 33. Bxd5 Bxd5 34. Nxd5 Nxh2 35. e4 Nf3+ 36. Ke3 Ne5 37. f4 Ng4+ 38. Kf3 gxf4 39. Kxg4 fxg3 40. Kxg3 f5 41. Ne3 fxe4 42. Kf4 Kc5 43. Nc2 Kb5 44. Kxe4 h5 45. Kd3 h4 46. Kc3 h3 47. Nd4+ Kc5 48. Nf3 a5 49. Nh2 Kb5 50. Ng4 1/2-1/2

[Event "South America School-ch 33rd"]
[Site "Cochabamba"]
[Date "2017.12.06"]
[Round "4.3"]
[White "Kalidjo, Imaan"]
[Black "Alvarez Angel, Nelson Eduardo"]
[Result "1/2-1/2"]
[WhiteElo "1732"]
[BlackElo "1894"]
[PlyCount "134"]
[EventDate "2017.12.05"]
[EventType "team-tourn"]
[EventRounds "9"]
[EventCountry "BOL"]
[SourceTitle "CBM 182 Extra"]
[Source "ChessBase"]
[SourceDate "2018.02.23"]
[SourceVersion "1"]
[SourceVersionDate "2018.02.23"]
[SourceQuality "1"]
[WhiteTeam "Surinam"]
[BlackTeam "Colombia"]
[WhiteTeamCountry "SUR"]
[BlackTeamCountry "COL"]

1. Nf3 Nf6 2. g3 g6 3. Bg2 Bg7 4. d3 d5 5. c3 c6 6. Nbd2 Qc7 7. Qc2 e5 8. 0-0 0-0 9. Rd1 Be6 10. b3 Nbd7 11. Bb2 Rfe8 12. e4 Rad8 13. Nf1 dxe4 14. dxe4 Nc5 15. Ng5 Bg4 16. f3 Bc8 17. b4 Na6 18. a3 Qb6+ 19. Kh1 h6 20. Nh3 c5 21. Nf2 c4 22. Rxd8 Rxd8 23. Bc1 Nc7 24. Be3 Qa6 25. Rd1 Rxd1 26. Qxd1 Bd7 27. Qa1 Qa4 28. Nd2 b5 29. Qb2 g5 30. g4 Ne6 31. Bf1 Nf4 32. h3 h5 33. Kh2 Qa6 34. Qc1 hxg4 35. hxg4 Ne8 36. Nb1 Qh6+ 37. Nh3 Nf6 38. Qd1 a6 39. Bxf4 gxf4 40. g5 Qh4 41. gxf6 Bxh3 42. Bxh3 Qg3+ 43. Kh1 Qxh3+ 44. Kg1 Bxf6 45. Qf1 Qg3+ 46. Qg2 Kg7 47. Qxg3+ fxg3 48. Kg2 Bh4 49. Nd2 Kg6 50. a4 Kg5 51. axb5 axb5 52. Nb1 Kf4 53. Na3 Ke3 54. Nxb5 Kd3 55. Kh3 g2 56. Kxg2 Be1 57. Kh3 f6 58. Kg4 Bxc3 59. Nxc3 Kxc3 60. b5 Kd4 61. b6 c3 62. b7 c2 63. b8Q c1Q 64. Qd6+ Ke3 65. Qxf6 Qb2 66. Qh6+ Kd3 67. Qd6+ Ke3 1/2-1/2

[Event "South-America-chT U14 22th"]
[Site "Medellin"]
[Date "2016.12.14"]
[Round "3.3"]
[White "Mayeregger, Arnold"]
[Black "Kalidjo, Imaan"]
[Result "1/2-1/2"]
[WhiteElo "1751"]
[BlackElo "1643"]
[PlyCount "78"]
[EventDate "2016.12.12"]
[EventType "team-tourn"]
[EventRounds "9"]
[EventCountry "COL"]
[SourceTitle "EXT 2024"]
[Source "ChessBase"]
[SourceDate "2023.10.10"]
[SourceVersion "1"]
[SourceVersionDate "2023.10.10"]
[SourceQuality "1"]
[WhiteTeam "Paraguay"]
[BlackTeam "Surinam"]
[WhiteTeamCountry "PAR"]
[BlackTeamCountry "SUR"]

1. d4 Nf6 2. Bf4 e6 3. e3 b6 4. Nf3 Bb7 5. h3 Be7 6. Be2 d5 7. Nbd2 Nbd7 8. 0-0 0-0 9. c3 c5 10. Bd3 Ne4 11. Ne5 f5 12. Nxd7 Qxd7 13. Nf3 Nd6 14. Ne5 Qd8 15. a4 Nf7 16. a5 Nxe5 17. Bxe5 Bd6 18. f4 Qe7 19. c4 Bxe5 20. dxe5 Rfd8 21. Qe2 dxc4 22. Bxc4 Bd5 23. axb6 axb6 24. Rxa8 Rxa8 25. Rd1 Rd8 26. Bd3 Qd7 27. Bc2 Qc7 28. e4 Bxe4 29. g4 Rxd1+ 30. Bxd1 Qc6 31. gxf5 Bxf5 32. Bc2 Bxc2 33. Qxc2 Qd5 34. Qa4 Kf7 35. Qa7+ Kg6 36. Qxb6 Qd1+ 37. Kf2 Qd2+ 38. Kg1 Qe1+ 39. Kg2 Qe2+ 1/2-1/2

[Event "South-America-chT U14 22th"]
[Site "Medellin"]
[Date "2016.12.13"]
[Round "1.3"]
[White "Prado, Ignacio"]
[Black "Kalidjo, Imaan"]
[Result "1-0"]
[WhiteElo "1660"]
[BlackElo "1643"]
[PlyCount "127"]
[EventDate "2016.12.12"]
[EventType "team-tourn"]
[EventRounds "9"]
[EventCountry "COL"]
[SourceTitle "EXT 2024"]
[Source "ChessBase"]
[SourceDate "2023.10.10"]
[SourceVersion "1"]
[SourceVersionDate "2023.10.10"]
[SourceQuality "1"]
[WhiteTeam "Argentina"]
[BlackTeam "Surinam"]
[WhiteTeamCountry "ARG"]
[BlackTeamCountry "SUR"]

1. c4 e5 2. Nc3 Nf6 3. g3 d5 4. cxd5 Nxd5 5. d3 Nc6 6. Bg2 Nb6 7. Nf3 Be7 8. 0-0 0-0 9. a4 a5 10. Be3 Ra6 11. Nd2 Be6 12. Rc1 Nd5 13. Nxd5 Bxd5 14. Ne4 Nd4 15. Nd2 c6 16. Nc4 f6 17. Bd2 Bb4 18. Bxb4 axb4 19. e3 Bxg2 20. Kxg2 Ne6 21. b3 Kh8 22. Kg1 Qd7 23. Nb2 Rd8 24. Qg4 Qf7 25. Qxb4 c5 26. Qc4 Qe7 27. Rfd1 Rb6 28. Qc3 h6 29. a5 Rc6 30. Na4 Qf8 31. Qc4 Qe7 32. Qb5 Qc7 33. Rc3 Ra8 34. Nb6 Rd8 35. Rdc1 Qe7 36. Na4 Rdc8 37. Nb6 Rd8 38. Ra1 Qc7 39. Nc4 Rb8 40. Rac1 Qe7 41. Na3 Qc7 42. Nc4 Qe7 43. Nb6 Nc7 44. Qc4 Rd8 45. Na4 Ne6 46. Qb5 Rdc8 47. Nb6 Rd8 48. b4 Nc7 49. Qa4 Ne6 50. b5 Rc7 51. Qc4 Qd6 52. Qb3 Rb8 53. Qd5 Qe7 54. Na4 Rd8 55. Qc4 Rdc8 56. b6 Rc6 57. a6 bxa6 58. Qxa6 Rb8 59. Qb5 Qb7 60. Rb1 Rbc8 61. Ra3 Rb8 62. Rab3 Rbc8 63. Nb2 Ra8 64. Nc4 1-0